000 00354nam a2200145Ia 4500
008 090124s9999 xx 000 0 und d
082 _b201511
245 _a हृदयरंग
250 _a1
260 _bपै शिरीष
_c1971
300 _a148
630 _a हृदयरंग
730 _a हृदयरंग
942 _cBOOK
999 _c183092
_d183092